000 00575nam a2200181Ia 4500
003 LDD
008 190117s9999 xx 000 0 und d
020 _a8170166527
_c₹150
040 _cLDD
041 _ahi
082 _a8H3.7 ना1664द
100 _aनागर, अमृतलाल
245 0 _aदस प्रतिनिधि कहानियाँ
_cअमृतलाल नागर
260 _aनई दिल्ली
_bकिताबघर प्रकाशन
_c2005
300 _a142
904 _aReqst by : J.M. Parekh
942 _2ddc
_cH
999 _c162174
_d162174